Hodak - zapach zimy i papierosów - Statystyki

Ogólne statystyki
  • Ten quiz został rozwiązany 3 razy
  • Średni wynik to 5 z 11
Statystyki odpowiedzi
Gość Odpowiedź % Poprawnych
8 mercedes benz
100%
1 zapach zimy i papierosów
67%
5 hamuj!
33%
3 listopadowy spacer
33%
9 melisa i xanax
33%
6 może się odezwiesz do mnie?
33%
11 Skip nienawidzę tego miasta
33%
2 nie taki był zamiar
33%
4 CatchUp wspominam lato
33%
10 Miły ATZ, Marceli Bober wszyscy chorzy
33%
7 zapnij pasy!
33%
Nie znaleziono quizów pasujących do podanych kryteriów
Rozkład punktacji
Procent ludzi z każdym wynikiem
Percentyl według liczby udzielonych odpowiedzi
Twoja historia wyników
Nie rozwiązałeś tego quizu